Primeira Liga (Portugal) Top 4 Positions - Statistics

General Stats
  • This quiz has been taken 292 times
  • The average score is 9 of 18
Answer Stats
Answer % Correct
Benfica
100%
Porto
99%
Sporting CP
99%
Braga
96%
Boavista
81%
Vitoria de Guimaraes
70%
Belenenses
64%
Vitoria de Setubal
57%
Paços de Ferreira
55%
Estoril
52%
Nacional
48%
Academica
42%
Olhanense
19%
Atletico CP
17%
Barreirense
14%
Unidos de Lisboa
10%
Carcavelinhos
8%
CUF Barreiro
8%
No matching quizzes found
Score Distribution
Percent of People with Each Score
Percentile by Number Answered
Your Score History
You have not taken this quiz